| 000 | 00651 a2200169 4500 | ||
|---|---|---|---|
| 003 | Nust | ||
| 005 | 20170207164334.0 | ||
| 020 | _a1-866-256-8193 | ||
| 040 | _cNust | ||
| 082 | _a512.3 | ||
| 245 |
_aHandbook of Formulae and Physical Constants _bFor The Use Of Students And Examination Candidates |
||
| 260 |
_aCanada _bPower Engineering Training Systems |
||
| 300 | _a43p | ||
| 505 | _aSI Multiples.1.Basic Units (distance, area, volume, mass, density).2 Mathematical Formulae.5 Applied Mechanics.10 Thermodynamics...21 Fluid Mechanics.28 Electricity.30 Periodic Table.....34 | ||
| 538 | _aE-Book | ||
| 650 | _aHandbook of Formulae and Physical Constants | ||
| 942 |
_2ddc _cBK |
||
| 999 |
_c208657 _d208657 |
||